000 00229nam a2200097Ia 4500
008 190216s9999||||xx |||||||||||||| ||und||
100 _aAmar Bay
245 0 _aHindi-Katha Barathi
260 _bThe University Of Kerala
942 _cBK
999 _c17694
_d17694